000 00682nam a2200253Ia 4500
003 OSt
005 20221005042658.0
006 a|||||r|||| 00| 0
007 ta
008 221004b |||||||| |||| 00| 0 eng d
024 _a40953
037 _cTextual
040 _aCRL
_cCRL
_beng
041 _2eng
_aeng
082 _aO111,3M40w, M6
110 _aGift from Prof Amitava Banerjee, London
245 0 _aHardy's cottage
260 _aDorset
_bNational Trust UK
_c1986
300 _a15p.
_ccm.
650 _aENGLISH LITERATURE
700 _aGift from Prof Amitava Banerjee, London
942 _hO111,3M40w, M6
_cTEXL
_2cc
999 _c950646
_d950646